000 01033nam0a22002891 4500
001 rc\3321430
005 20130115150935.3
021 _aRU
_b[74-101238]
035 _a(NLR Aleph) 007508979
090 _a7689677
_c7689677
100 _a20130115d1974 |||y0rusy50 ca
101 0 _arus
102 _aRU
105 _ay z |||||
200 1 _aВсегда в поиске
_f[Лит. запись Б.Г. Буляка]
210 _aМинск
_cБеларусь
_d1974
215 _a40 с.
_d20
225 1 _aГерои девятой пятилетки
300 _aАвт. - Герой Соц. Труда, вагранщик Мин. комбината строит. материалов
606 _aМинеральная вата
_xПроизводство
_xОрганизация труда
_2psbo
700 1 _aИльин
_bН. К.
_gНиколай Карпович
702 1 _aБуляк
_bБ. Г.
_4570
801 0 _aRU
_bNLR
_gpsbo
801 1 _aRU
_bELAR
_2rusmarc
852 _aNLR
_j74-4/33280
942 _cBOOK
980 _aNB